000 00367pab a2200157 454500
008 180718b2009 xxu||||| |||| 00| 0 eng d
100 _aBagchi, Amiya Kumar
245 _aMoney under capitalism: domestic, universal
260 _c2009
300 _ap.4-20.
362 _aJul-Aug
650 _aMoney
773 _aSocial Scientist
908 _aN
909 _a84223
999 _c84223
_d84223